"Miłość w czasach popkultury" - wszystkie utwory - Statystyki

Ogólne statystyki
  • Ten quiz został rozwiązany 27 razy
  • Średni wynik to 11 z 12
Statystyki odpowiedzi
Hint Odpowiedź % Poprawnych
"Rzucają kamieniami w koła samochodów. I patrzą na spódnicedziewczyn, które nie chcą ich znać." Chłopcy
100%
"To wszystko czego chcę, to wszystko czego mi brak, to wszystko czego ja nigdy nie będę miał." Dla Ciebie
100%
"I nawet kiedy będę sam, nie zmienię się, to nie mój świat." Długość dźwięku samotności
100%
"Więc lepiej mnie zabij, wyrzuć z pamięci. Lepiej odejdź, pozwólmi odejść." Alexander
91%
"Ale Ty, Ty dobrze mnie znasz. Wszystko o mnie wiesz..." My
91%
"Moja pierwsza wielka miłość zaczęła się i nagle skończyłaboleśnie, zbyt późno - zwłaszcza dla mnie, a nie dla Ciebie." Miłość w czasach popkultury
86%
"Chcesz zabić i zniszczyć, zniewolić [...] - ja też." Nienawiść
86%
"Widzę Cię. Tak, wiem, nie zrobię więcej zdjęć." Kraków
82%
"Jest zbyt późno - proszę śpij." Noc
82%
"Tylko wtedy wyjdę do słońca, kiedy ty pójdziesz ze mną,tak naprawdę do końca." Peggy Sue nie wyszła za mąż
82%
"Ale ja, nim mnie pożre lęk, strzelę sobie w łeb w tę piękną noc." Zamiana
82%
"Patrzę na seriale. Kocha go, on ją bardzo też." Gdzieś
77%
Nie znaleziono quizów pasujących do podanych kryteriów
Rozkład punktacji
Procent ludzi z każdym wynikiem
Percentyl według liczby udzielonych odpowiedzi
Twoja historia wyników
Nie rozwiązałeś tego quizu